| 000 | 00800nam a22002297a 4500 | ||
|---|---|---|---|
| 999 |
_c2797 _d2797 |
||
| 003 | AR-CdUCM | ||
| 008 | 190305b ||||| |||| 00| 0 spa d | ||
| 040 |
_aMUNICIPALIDAD PROVINCIAL DEL CUSCO _cBIBLIOTECA MUNICIPAL DEL CUSCO |
||
| 082 |
_a342.8 / _bSE38 |
||
| 100 |
_aSentis Melendo, Santiago _94360 |
||
| 245 |
_aLa Sentencia Extranjera / _cSantiago, Sentis Melendo |
||
| 260 |
_aBuenos Aires : _bEdiciones Juridicas Europea - America, _c1958. |
||
| 300 |
_a260 paginas ; _c15cm. |
||
| 500 | _aBriviarios de derecho | ||
| 505 | _aContenido- Sentencia extranjera -- Procedimiento -- apendices | ||
| 650 |
_aDerecho internacional privado _99737 |
||
| 650 |
_aExtranjera _99738 |
||
| 650 |
_aArgentina _9511 |
||
| 700 |
_aSentÃs Mellendo, Santiago _99739 |
||
| 942 |
_2ddc _cLIBROS |
||
| 945 | _apjha | ||